Réseau transports Morges - Statistiques

Statistiques générales
  • Ce quiz a été pris 27 fois
  • Le résultat moyen est 14 sur 43
Statistiques - réponses
Réponse % Correct
Gare
100%
Casino
62%
La Plantaz
62%
Marcelin
62%
Temple
62%
Vogéaz
62%
La Tour
54%
Bief
46%
Chemin du Bochet
46%
La Gottaz
46%
Riond-Bosson
46%
Banc-Vert
38%
Grosse-Pierre
38%
La Prairie
38%
Le Portail
38%
Patinoire
38%
Prélionne
38%
De Beausobre
31%
Eglantine
31%
En Bonjean
31%
Gracieuse
31%
Hôpital
31%
La Grillette
31%
Les Saux
31%
Moulin
23%
Place Audrey-Hepburn
23%
St-Louis
23%
Bellevue
15%
Blancherie
15%
Charpentiers
15%
Cimetière de Morges
15%
Crêt
15%
Grassey
15%
Les Pétoleyres
15%
Longeraie
15%
Molliau
15%
Pâquis
15%
St-Jean nord
15%
St-Jean sud
15%
Auguste-Forel
8%
Delay
8%
Les Noyers
8%
Gravelines
0%
Aucun quiz correspondant
Distribution des résultats
% des personnes avec chaque résultat
Percentile par nombre de réponses
Votre historique - résultats
Vous n’avez pas pris ce quiz